000 00633nam a2200217Ia 4500
003 GCL
008 140319s9999 xx 000 0 ara d
040 _aGCL /
_cGCL
082 0 4 _a889
_bف س
100 1 _aصقر خفاجة (مراجع)
245 1 0 _aالسحب /
_cصقر خفاجة (مراجع)
700 1 _aحلمى عبدالواحد خضره
700 1 _aفانيس، ارستو
300 _a84 ص
490 _a
650 0 4 _aالشعر اليونانى
650 0 4 _aالادب
650 0 4 _aالشعر اليونانى المترجم
650 0 4 _aالادب اليونانى المترجم
942 _2ddc
_cBK
999 _c41171
_d41171